Getting along with your hard disk

Bibliographic Details
Main Author: Chua, Chooi See
Format: Book
Language:English
Published: Kuala Lumpur : Federal Publications , c1992
Subjects:

MARC

LEADER 00000cam a2200000 7i4500
001 0000001029
005 20230510.0
008 991125 my eng
020 |a 9679145085 (pbk) 
040 |a INS 
090 0 0 |a QA76.9.H35   |b .C48 1994 
100 1 |a Chua, Chooi See 
245 1 0 |a Getting along with your hard disk   |c Chua Chooi See 
260 |a Kuala Lumpur :   |b Federal Publications ,   |c c1992 
300 |a ix, 242 p. :   |b illustrations ;   |c 24 cm. 
500 |a Includes index 
650 0 |a Computer storage devices 
650 0 |a Computers 
999 |a 0000005978   |b BOOK   |c Open Shelf   |e Default branch